| 000 | 00747nam a22002297a 4500 | ||
|---|---|---|---|
| 999 |
_c193384 _d193384 |
||
| 005 | 20221027113544.0 | ||
| 010 | _aENG-135552 | ||
| 020 |
_c375.00 _a9789352836482 |
||
| 035 | _aEN-119084 | ||
| 037 | _bDBAD/PUB | ||
| 082 | _a657 | ||
| 100 | _aGupta, s c | ||
| 245 |
_aAdvanced corporate accounting/ _cBy M c shukla, T s grewal [and] S c gupta; editied by mp gupta and bm agarwal |
||
| 260 |
_bS. chand publishing _c2019 _aNew delhi |
||
| 270 |
_a7361, ram nagar, qqutub road, _bNew delhi _e110055 _minfo@schandpublishing.com |
||
| 300 |
_aV.p. _c22cm(pbk) |
||
| 700 |
_aGupta M C _eauthor |
||
| 700 |
_aGrewal T S _eauthor |
||
| 700 |
_aGupta M P _eeditor |
||
| 700 |
_aAgarwal B M _eeditor |
||
| 942 |
_2ddc _cEN _mGUP _h657 |
||